1104 1940 1485 1254 1799 1555 1749 1278 1504 1788 1269 1296 1787 1215 1538 1996 1244 1907 1763 1826 1485 1842 1627 1101 1644 1399 1201 1942 1300 1851 1653 1480 1780 1627 1548 1104 1833 1267 1066 1590 1257 1624 1685 1447 1722 1822 1143 1272 1690 1466 1352 1270 1516 1644 1907 1292 1223 1623 1480 1892 1366 1577 1015 1432 1750 1943 1468 1286 1750 1566 1164 1820 1774 1295 1512 1456 1901 1387 1883 1622 1718 1734 1776 1170 1950 1181 1595 1501 1443 1623 1983 1833 1113 1799 1039 1628 1985 1945 1380 BCNSPRNW ULIB Ver.6.0+V

เปลี่ยนเป็นภาษาไทย

Change to English
 แสดงรายละเอียดบรรณานุกรม
  กลับหน้าหลัก

Brief Record : Get Marc (ISO 2709) : E-mail record : QR code < ปิดหน้าต่าง
LEADER : 00000nas 2200000uu 4500
001    13399125113
003     ULIB
008    020711s|||| th a 000 0 tha d
022    08589437
110    สถาบันวิจัยระบบสาธารณสุข
245    วารสารวิจัยระบบสาธารณสุข/^cสถาบันวิจัยระบบสาธารณสุข
260    นนทบุรี :^bสถาบันวิจัยระบบสาธารณสุข,^cม.ป.ป.
310    ^aรายสามเดือน
850 ^a ULIB^bปีที่ 6 ฉบับที่ 4 ฉ.1
945    ^p0^l0^i903939
รายการนี้ยังไม่มีแท็ก
คุณยังไม่ได้ล็อกอิน คุณสามารถมีกิจกรรมร่วมกับเว็บไซต์ได้ แต่ต้องล็อกอินก่อน ::
  ล็อกอิน

รายการสื่อสารสนเทศ (วารสาร)

ดูแบบ: กล่อง รายการ
ARRIVED
ปีที่ 6 ฉบับที่ 4 ฉ.1
สถานที่: ห้องสมุดวิทยาเขตสวรรค์ประชารักษ์ >วารสาร

BibComment


ยังไม่เคยถูกคอมเมนท์

คอมเมนท์ทรัพยากรรายการนี้
  คอมเมนท์: วารสารวิจัยระบบสา..


 Copyright 2026. Bcnsprnw @Library